| 000 | 00464 a2200169 4500 | ||
|---|---|---|---|
| 001 | 49430 | ||
| 020 | _a8516043436 | ||
| 040 | _cAnchieta - Bela Vista | ||
| 100 | _aCastro, Hermínia | ||
| 240 | 1 | 0 |
_aO caramujo que tinha dentro o mar inteiro, e outras histórias _lpor |
| 245 | 1 | 0 | _aO caramujo que tinha dentro o mar inteiro, e outras histórias |
| 300 | _a39 | ||
| 362 | 0 | _a2004 | |
| 440 | 1 | _aSalamandra | |
| 650 | 4 | _aLiteratura infanto-juvenil | |
| 942 | _cBK | ||
| 999 |
_c49430 _d49430 |
||